Automating the archives : issues and problems in computer applications / edited by Lawrence J. MacCrank issues and problems in computer applications / edited by Lawrence J. MacCrank
Publicado:
New York :
American Society for Information Science by Knowledge Industry Publications ,
1981
Descripción Física:
XI, 363 p. ; 29 cm
Otros Autores:
MacCrank, Lawrence J.
Materias:
Arxius -- Automatització -- Congressos
MARC
| LEADER | 00000nam a2200000Ia 4500 | ||
|---|---|---|---|
| 001 | 7595 | ||
| 008 | 160829s1981 xx 000 0 cat d | ||
| 080 | |a A-1-52 | ||
| 245 | |a Automating the archives : |b issues and problems in computer applications / edited by Lawrence J. MacCrank | ||
| 260 | |a New York : |b American Society for Information Science by Knowledge Industry Publications, |c 1981 | ||
| 300 | |a XI, 363 p. ; |c 29 cm | ||
| 650 | |a Arxius |x Automatització |x Congressos |9 27421 | ||
| 700 | 1 | |a MacCrank, Lawrence J. |9 27422 | |
| 901 | |a Arxiu | ||
| 942 | |n 1 | ||
| 952 | |0 0 |1 0 |4 0 |6 A152 |7 1 |9 44381 |a Arxiu |b Arxiu |d 2016-12-01 |l 0 |o A-1-52 |p 7595 |r 2016-12-01 00:00:00 |w 2016-12-01 |y ARXIU | ||
| 999 | |c 46962 |d 46962 | ||